Conservación y uso sostenible de los manglares del Pacífico colombiano / (Registro nro. 1160)

Detalles MARC
000 -CABECERA
Campo de control 00941nam a2200277 i 4500
005 - FECHA Y HORA DE LA ULTIMA TRANSACCION
Campo de control 20200104041519.0
008 - ELEMENTOS DE LONGITUD FIJA—INFORMACION GENERAL
Campo de control 140226s1998 ck ||||| |||| 00| 0 spa d
040 ## - FUENTE DE CATALOGACIÓN
Agencia catalogadora original CO-BoIAVH
Agencia transcriptora CO-BoIAVH
041 ## - IDIOMA
Código de idioma para texto/pista de sonido o título separado Español
044 ## - PAÍS DE PUBLICACIÓN
País de publicación Colombia
082 04 - NUMERO DE CLASIFICACION DECIMAL DEWEY
Número de clasificación 583
Número del ítem S21c
245 00 - MENCION DE TITULO
Título Conservación y uso sostenible de los manglares del Pacífico colombiano /
Mención de responsabilidad Heliodoro Sánchez-Páez y ( otros dos editores)
260 ## - PUBLICACION, DISTRIBUCION, ETC. (PIE DE IMPRENTA)
Lugar de publicación, distribución, etc. Bogotá :
Nombre del editor, distribuidor, etc. Minambiente,
Fecha de publicación, distribución, etc. 1998.
300 ## - DESCRIPCION FISICA
Extensión 178 páginas ;
Dimensiones 28 cm.
650 14 - ASIENTO SECUNDARIO DE MATERIA - TERMINO TEMATICO
Término temático o nombre geográfico como elemento de entrada Conservación de bosques
9 (RLIN) 60351
650 24 - ASIENTO SECUNDARIO DE MATERIA - TERMINO TEMATICO
Término temático o nombre geográfico como elemento de entrada Uso sostenible
9 (RLIN) 344
650 24 - ASIENTO SECUNDARIO DE MATERIA - TERMINO TEMATICO
Término temático o nombre geográfico como elemento de entrada Manglares
9 (RLIN) 60353
650 24 - ASIENTO SECUNDARIO DE MATERIA - TERMINO TEMATICO
Término temático o nombre geográfico como elemento de entrada Dinámica de bosques
9 (RLIN) 3492
650 24 - ASIENTO SECUNDARIO DE MATERIA - TERMINO TEMATICO
Término temático o nombre geográfico como elemento de entrada Regeneración natural
9 (RLIN) 6918
650 24 - ASIENTO SECUNDARIO DE MATERIA - TERMINO TEMATICO
Término temático o nombre geográfico como elemento de entrada Áreas degradadas
9 (RLIN) 4066
662 ## - ASIENTO SECUNDARIO DE MATERIA - JERARQUIA DEL NOMBRE DE LUGAR(
País o entidad mayor Colombia
Jurisdicción política intermedia Pacífico
700 1# - ASIENTO SECUNDARIO - NOMBRE PERSONAL
Nombre personal Sánchez-Páez, Heliodoro,
Término de relación editor.
9 (RLIN) 6970
700 1# - ASIENTO SECUNDARIO - NOMBRE PERSONAL
Nombre personal Guevara-Mancera, Omar,
Término de relación editor.
9 (RLIN) 25159
700 1# - ASIENTO SECUNDARIO - NOMBRE PERSONAL
Nombre personal Alvarez-León, Ricardo,
Término de relación editor.
9 (RLIN) 1884
942 ## - ELEMENTOS ADICIONALES (KOHA)
Tipo de ítem Libro
Sistema de clasificación Dewey Decimal Classification
Existencias
Withdrawn status Lost status Sistema de Clasificación Damaged status No para préstamo Colección Inventariado Ubicación Permanente Ubicación actual Fecha de adquisición Fuente de Valor Valor Total Checkouts Número topográfico Inventario / Código de Barras Date last seen Ejemplar Price effective from Forma de adquisición Tipo de material
    Dewey Decimal Classification     General Inventariado 2017 Bogotá Bogotá 15/12/2000 Samper, Cristián 39000.00   LB-583 S21c 001574 04/12/2012 Ej. 3 04/12/2012   Libro
    Dewey Decimal Classification     General Inventariado 2017 Bogotá Bogotá 19/05/2003   39000.00   LB-583 S21c 004818 04/12/2012 Ej.1 04/12/2012   Libro
    Dewey Decimal Classification     General Inventariado 2017 Sala Fabio Quevedo Sala Fabio Quevedo 18/04/1999 Ferreira Miani, Paola 39000.00   LB-583 S21c 001573 04/12/2012 Ej. 4 04/12/2012   Libro
    Dewey Decimal Classification     General Inventariado 2017 Sala Fabio Quevedo Sala Fabio Quevedo 22/09/2004 Gast, Fernando 39000.00   LB-583 S21c 016707 04/12/2012 Ej.2 04/12/2012   Libro